00787aas a2200205 4500952009000000999001700090001001000107003001000117005001700127008004100144022001400185040004100199041000800240245005300248300004500301520014500346650001300491773006900504942000800573 001040708HEMaFUSBCbFUSBCd2016-01-26l0o r2016-01-26 00:00:00w2016-01-26yANA c63495d63495768714001CO-MdFUSB20171025122036.0171025s2010 ck ||||| |||| 00| 0 spa d a2145-8197 aCO-MdFUSBbspacCO-MdFUSBdCO-MdFUSB aspa 0aM-19 se toma el Palacio de Justiciac/ El Tiempo aNúmero 8 (2010), página 10c: 28 cm.1 aDurante 27 Horas, el grupo guerrillero y el ejército se enfrentaron entro del edificio. Once magistrados murieron y 13 militares murieron.14aHISTORIA0 tdk100049432959931gNúmero 8 (2010), página 10qPágina 10 cANA